Geografia Europy Quiz - Statystyki

Ogólne statystyki
  • Ten quiz został rozwiązany 8 razy
  • Średni wynik to 8 z 25
Statystyki odpowiedzi
Hint Odpowiedź % Poprawnych
Najwyzszy szczyt Slowacji Gerlach
88%
Najwieksze panstwo Rosja
75%
Najwyzszy szczyt Sudet Sniezka
63%
Granica wschodnia Ural
63%
Ciesnina graniczna(Stambul) Bosfor
50%
Najwyzszy szczyt Karpat Gerlach
50%
Najwyzszy szczyt Wloch/Francji Mont Blanc
50%
Najwyzszy szczyt Slowenii Triglav
50%
Najdluzsza rzeka Wolga
50%
Ciesnina graniczna(blisko Stambulu) Dardanele
38%
Najwyzszy szczyt Mont Blanc
38%
Granica poludniowa Morze Srodziemne
38%
Najwyzszy szczyt Niemiec Zugspitze
25%
Najnizsza depresja(Polska) Zulawy Wislane
25%
Granica poludniowo-wschodnia Kaukaz
13%
Najwieksze jezioro Ladoga
13%
Rzeka lejkowata Loara/Sekwana/Tamiza
13%
Najnizsza depresja Nizina Nadkaspijska
13%
Najwiekszy lodowiec Aletsch
0%
Najwyzszy szczyt UK Ben Nevis
0%
Najwyzszy szczyt Austrii Grossglockner
0%
Ciesnina graniczna(Krym) Kerczenska
0%
Najbardziej poludniowy punkt Marroqui
0%
Najwyzszy szczyt Hiszpanii Mulhacen
0%
Najwyzszy szczyt Uralu Narodnaja
0%
Nie znaleziono quizów pasujących do podanych kryteriów
Rozkład punktacji
Procent ludzi z każdym wynikiem
Percentyl według liczby udzielonych odpowiedzi
Twoja historia wyników
Nie rozwiązałeś tego quizu